KOHA-Header-6

Principles Corporate Finance (Record no. 9720)

000 -LEADER
fixed length control field 00275nam a2200109Ia 4500
100 ## - MAIN ENTRY--AUTHOR NAME
Personal name Richard A.Brealey
245 #0 - TITLE STATEMENT
Title Principles Corporate Finance
260 ## - PUBLICATION, DISTRIBUTION, ETC. (IMPRINT)
Place of publication Canada
Name of publisher Tata McGraw Hill
Year of publication 2005
300 ## - PHYSICAL DESCRIPTION
Number of Pages 128
942 ## - ADDED ENTRY ELEMENTS (KOHA)
Koha item type Books
Holdings
Withdrawn status Lost status Collection code Permanent Location Current Location Shelving location Date acquired Full call number Accession Number Koha item type
    Finance MAJU MAJU Shelf No.A44 2019-09-14 891.439 5643 Finance

Powered by Koha